000 01051cam a22002413a 4500
001 625
003 PGUSA
005 20140828082950.0
008 060318s2006||||xxu|||||s|||||000 e eng d
040 _aPGUSA
_beng
042 _adc
050 4 _aPS
100 1 _aAldrich, Thomas Bailey,
_d1836-1907
245 1 0 _aPonkapog Papers
_h[electronic resource] /
_cThomas Bailey Aldrich
260 _bProject Gutenberg,
_c2006
505 0 _aLeaves from a note book -- Tom Folio -- Fleabody and other queer names -- A note on 'L'aiglon" -- Plot and character -- The cruelty of science -- Leigh Hunt and Barry Cornwall -- Decoration day -- Writers and talkers -- On early rising -- Un poête manqué -- The male costume of the period -- On a certain affectation -- Wishmakers' town -- Historical novels -- Poor Yorick -- The autograph hunter -- Robert Herrick.
506 _aPublic domain in the USA.
516 _aElectronic text
653 _aEssays
830 0 _aProject Gutenberg
_v625
856 4 0 _uhttp://www.gutenberg.org/ebooks/625
942 _cEB
999 _c229976
_d229976